| 000 | 00665nam a2200217 a 4500 | ||
|---|---|---|---|
| 005 | 20210219153003.0 | ||
| 008 | 991125n 000 0 u | ||
| 035 | _aUPN01000071103 | ||
| 222 | _aCERO EN CONDUCTA | ||
| 245 | _aDeclaración mundial sobre educación para todos : satisfacción de las necesidades básicas de aprendizaje | ||
| 300 | _a78-85 | ||
| 362 | _a1991 Año 6, no. 26-27, jul.-oct. | ||
| 653 | 0 | _aACCESO A LA EDUCACION | |
| 653 | 0 | _aANALFABETISMO | |
| 653 | 0 | _aANALFABETISMO FUNCIONAL | |
| 653 | 0 | _aCRISIS EDUCATIVA | |
| 653 | 0 | _aDERECHO EDUCATIVO | |
| 653 | 0 | _aOPORTUNIDADES EDUCATIVAS | |
| 904 |
_aAC _b008914 |
||
| 905 | _aArticulo | ||
| 999 |
_c65563 _d65563 |
||